| 000 | 00531nam a2200169Ia 4500 | ||
|---|---|---|---|
| 003 | OSt | ||
| 005 | 20200610095507.0 | ||
| 008 | 190216s9999||||xx |||||||||||||| ||und|| | ||
| 020 | _a9788130704166 | ||
| 040 | _coclc | ||
| 082 |
_a396.20954 _bMIT/P |
||
| 100 |
_aMitter, Dwarka Nath _92717 |
||
| 245 | 0 |
_aThe Position Of Women In Hindu Law Vol 2 / _cDwarka Nath Mitter |
|
| 260 |
_bCosmos Bookhive Publishers, _aNew Delhi: _c2006. |
||
| 300 | _a707p | ||
| 942 |
_cBK _2ddc _h396.20954 _iMIT/P _k396.20954 _mMIT/P |
||
| 999 |
_c21143 _d21143 |
||